<?xml version="1.0" encoding="UTF-8"?>
<record
    xmlns:xsi="http://www.w3.org/2001/XMLSchema-instance"
    xsi:schemaLocation="http://www.loc.gov/MARC21/slim http://www.loc.gov/standards/marcxml/schema/MARC21slim.xsd"
    xmlns="http://www.loc.gov/MARC21/slim">

  <leader>02590njm a2200493Ia 4500</leader>
  <controlfield tag="001">D0900</controlfield>
  <controlfield tag="003">IT-RoPAU</controlfield>
  <controlfield tag="005">20220918181117.0</controlfield>
  <controlfield tag="008">131025s9999    xx            000 0 und d</controlfield>
  <datafield tag="040" ind1=" " ind2=" ">
    <subfield code="a">IT-RoPAU</subfield>
  </datafield>
  <datafield tag="040" ind1=" " ind2=" ">
    <subfield code="c">IT-RoPAU</subfield>
  </datafield>
  <datafield tag="999" ind1=" " ind2=" ">
    <subfield code="c">99496</subfield>
    <subfield code="d">99496</subfield>
  </datafield>
  <datafield tag="999" ind1=" " ind2=" ">
    <subfield code="b">n.d.</subfield>
  </datafield>
  <datafield tag="100" ind1=" " ind2=" ">
    <subfield code="a">AA.VV.</subfield>
    <subfield code="9">794</subfield>
  </datafield>
  <datafield tag="100" ind1=" " ind2=" ">
    <subfield code="e">Autore musica</subfield>
    <subfield code="9">30690</subfield>
  </datafield>
  <datafield tag="100" ind1=" " ind2=" ">
    <subfield code="g">Codice autore musica SPICS: 12000</subfield>
    <subfield code="9">796</subfield>
  </datafield>
  <datafield tag="245" ind1=" " ind2=" ">
    <subfield code="a">Musica di Dio (La)</subfield>
  </datafield>
  <datafield tag="250" ind1=" " ind2=" ">
    <subfield code="a">1a ed.</subfield>
  </datafield>
  <datafield tag="260" ind1=" " ind2=" ">
    <subfield code="a">MILANO</subfield>
  </datafield>
  <datafield tag="260" ind1=" " ind2=" ">
    <subfield code="b">RCS EDITORE</subfield>
    <subfield code="c">1995 [1a Ed.:1995]</subfield>
  </datafield>
  <datafield tag="300" ind1=" " ind2=" ">
    <subfield code="a">MUSICASSETTA</subfield>
  </datafield>
  <datafield tag="300" ind1=" " ind2=" ">
    <subfield code="c">45 minuti (Testo:  pag.)</subfield>
  </datafield>
  <datafield tag="500" ind1=" " ind2=" ">
    <subfield code="a">Musica religiosa.</subfield>
  </datafield>
  <datafield tag="505" ind1=" " ind2=" ">
    <subfield code="a">Halleluja (4:00) - Dies irae (3:00) - Confutatis maledictis (3:00) - Gloria (3:00) - Quae moerebat (3:00) - Deus in adiutorium (3:00) - Das Wort Sie Sollen Lassen Stahn (4:00) - Ich Folge Dir Gleichfalls (4:00) - Gloria (3:00) - Te Deum (6:00) - In paradisum (4:00)</subfield>
  </datafield>
  <datafield tag="511" ind1=" " ind2=" ">
    <subfield code="a">Chicago Symphony Orchestra diretta da Solti G.</subfield>
  </datafield>
  <datafield tag="511" ind1=" " ind2=" ">
    <subfield code="a">Berliner Philharmoniker diretti da Von Karajan Herbert</subfield>
  </datafield>
  <datafield tag="511" ind1=" " ind2=" ">
    <subfield code="a">English Chamber Orchestra diretta da Negri V.</subfield>
  </datafield>
  <datafield tag="511" ind1=" " ind2=" ">
    <subfield code="a">The English Baroc Soloist diretti da Gardiner J.E.</subfield>
  </datafield>
  <datafield tag="511" ind1=" " ind2=" ">
    <subfield code="a">Munchener Nach Orchestra diretta da Richter K.</subfield>
  </datafield>
  <datafield tag="511" ind1=" " ind2=" ">
    <subfield code="a">Bayerischen Rundfunks diretta da Kubelik R.</subfield>
  </datafield>
  <datafield tag="511" ind1=" " ind2=" ">
    <subfield code="a">Berliner Philharmoniker diretti da Jochum E.</subfield>
  </datafield>
  <datafield tag="511" ind1=" " ind2=" ">
    <subfield code="a">Philharmonia Orchestra diretta da Giulini C.M.</subfield>
  </datafield>
  <datafield tag="650" ind1=" " ind2=" ">
    <subfield code="a">RELIGIOSO [CASSETTE]</subfield>
    <subfield code="e">Codice MATERIA SPICS: 9951</subfield>
    <subfield code="9">785</subfield>
  </datafield>
  <datafield tag="700" ind1=" " ind2=" ">
    <subfield code="a">Handel Georg Friedrich</subfield>
    <subfield code="d">Codice autore musica SPICS: 5619</subfield>
    <subfield code="e">Autore musica</subfield>
    <subfield code="p">Halleluja</subfield>
    <subfield code="9">30691</subfield>
  </datafield>
  <datafield tag="700" ind1=" " ind2=" ">
    <subfield code="a">Verdi Giuseppe</subfield>
    <subfield code="d">Codice autore musica SPICS: 89</subfield>
    <subfield code="e">Autore musica</subfield>
    <subfield code="p">Dies irae</subfield>
    <subfield code="9">30692</subfield>
  </datafield>
  <datafield tag="700" ind1=" " ind2=" ">
    <subfield code="a">Mozart Wolfgang Amadeus</subfield>
    <subfield code="d">Codice autore musica SPICS: 3486</subfield>
    <subfield code="e">Autore musica</subfield>
    <subfield code="p">Confutatis maledictis</subfield>
    <subfield code="9">30693</subfield>
  </datafield>
  <datafield tag="700" ind1=" " ind2=" ">
    <subfield code="a">Vivaldi Antonio</subfield>
    <subfield code="d">Codice autore musica SPICS: 11195</subfield>
    <subfield code="e">Autore musica</subfield>
    <subfield code="p">Gloria</subfield>
    <subfield code="9">30694</subfield>
  </datafield>
  <datafield tag="700" ind1=" " ind2=" ">
    <subfield code="a">Pergolesi Giovanni Battista</subfield>
    <subfield code="d">Codice autore musica SPICS: 10685</subfield>
    <subfield code="e">Autore musica</subfield>
    <subfield code="p">Quae moerebat</subfield>
    <subfield code="9">30695</subfield>
  </datafield>
  <datafield tag="700" ind1=" " ind2=" ">
    <subfield code="a">Monteverdi Claudio</subfield>
    <subfield code="d">Codice autore musica SPICS: 3614</subfield>
    <subfield code="e">Autore musica</subfield>
    <subfield code="p">Deus in adiutorium</subfield>
    <subfield code="9">30696</subfield>
  </datafield>
  <datafield tag="700" ind1=" " ind2=" ">
    <subfield code="a">Bach Johann Sebastian</subfield>
    <subfield code="d">Codice autore musica SPICS: 9695</subfield>
    <subfield code="e">Autore musica</subfield>
    <subfield code="p">Das Wort Sie Sollen Lassen Stahn - Ich Folge Dir Gleichfalls</subfield>
    <subfield code="9">30697</subfield>
  </datafield>
  <datafield tag="700" ind1=" " ind2=" ">
    <subfield code="a">Haydn Franz Joseph</subfield>
    <subfield code="d">Codice autore musica SPICS: 5572</subfield>
    <subfield code="e">Autore musica</subfield>
    <subfield code="p">Gloria</subfield>
    <subfield code="9">30698</subfield>
  </datafield>
  <datafield tag="700" ind1=" " ind2=" ">
    <subfield code="a">Bruckner Joseph Anton</subfield>
    <subfield code="d">Codice autore musica SPICS: 10727</subfield>
    <subfield code="e">Autore musica</subfield>
    <subfield code="p">Te Deum</subfield>
    <subfield code="9">30699</subfield>
  </datafield>
  <datafield tag="700" ind1=" " ind2=" ">
    <subfield code="a">Faur&#xE9; Michel</subfield>
    <subfield code="d">Codice autore musica SPICS: 6783</subfield>
    <subfield code="e">Autore musica</subfield>
    <subfield code="p">In paradisum</subfield>
    <subfield code="9">30700</subfield>
  </datafield>
  <datafield tag="942" ind1=" " ind2=" ">
    <subfield code="c">MC</subfield>
    <subfield code="2">ddc</subfield>
  </datafield>
  <datafield tag="952" ind1=" " ind2=" ">
    <subfield code="0">0</subfield>
    <subfield code="1">0</subfield>
    <subfield code="4">0</subfield>
    <subfield code="6">D_0900_000000000000000</subfield>
    <subfield code="7">1</subfield>
    <subfield code="a">SPICS</subfield>
    <subfield code="b">SPICS</subfield>
    <subfield code="d">2013-10-25</subfield>
    <subfield code="l">0</subfield>
    <subfield code="o">D0900</subfield>
    <subfield code="r">2013-10-25 00:00:00</subfield>
    <subfield code="w">2013-10-25</subfield>
    <subfield code="y">MC</subfield>
    <subfield code="z">Progr. Ins.: 1784 / N.Vol.: 1 / Copie: 1 - Copia rara: n.d. / date import: 01.01.2014 - By Epidotti, Trombetti, Vaglietti</subfield>
  </datafield>
</record>
